000 00389nam a2200157Ia 4500
003 GCL
008 140319s9999 xx 000 0 eng d
040 _aGCL /
_cGCL
082 0 4 _a069.44361
_bD M
100 1 _aDENAES, RAYMAND
245 1 0 _aMUSEES DE PARIS /
_cDENAES, RAYMAND
260 _a[S.N] :
_bL'INDISPENSABLE
300 _a123 P P
650 0 4 _aFRANCE - MUSEUM
942 _2ddc
_cBK
999 _c12378
_d12378